|
|
|
|
| LEADER |
01284nam a22003735i 4500 |
| 001 |
978-93-86279-30-9 |
| 003 |
DE-He213 |
| 005 |
20170608114756.0 |
| 007 |
cr nn 008mamaa |
| 008 |
170608s2005 xx | s |||| 0|eng d |
| 020 |
|
|
|a 9789386279309
|9 978-93-86279-30-9
|
| 024 |
7 |
|
|a 10.1007/978-93-86279-30-9
|2 doi
|
| 040 |
|
|
|d GrThAP
|
| 050 |
|
4 |
|a QA1-939
|
| 072 |
|
7 |
|a PB
|2 bicssc
|
| 072 |
|
7 |
|a MAT000000
|2 bisacsh
|
| 082 |
0 |
4 |
|a 510
|2 23
|
| 245 |
1 |
0 |
|a Transformation Groups
|h [electronic resource] :
|b Symplectic Torus Actions and Toric Manifolds /
|c edited by Goutam Mukherjee.
|
| 264 |
|
1 |
|a Gurgaon :
|b Hindustan Book Agency :
|b Imprint: Hindustan Book Agency,
|c 2005.
|
| 300 |
|
|
|a 140 p.
|b online resource.
|
| 336 |
|
|
|a text
|b txt
|2 rdacontent
|
| 337 |
|
|
|a computer
|b c
|2 rdamedia
|
| 338 |
|
|
|a online resource
|b cr
|2 rdacarrier
|
| 347 |
|
|
|a text file
|b PDF
|2 rda
|
| 650 |
|
0 |
|a Mathematics.
|
| 650 |
1 |
4 |
|a Mathematics.
|
| 650 |
2 |
4 |
|a Mathematics, general.
|
| 700 |
1 |
|
|a Mukherjee, Goutam.
|e editor.
|
| 710 |
2 |
|
|a SpringerLink (Online service)
|
| 773 |
0 |
|
|t Springer eBooks
|
| 776 |
0 |
8 |
|i Printed edition:
|z 9788185931548
|
| 856 |
4 |
0 |
|u http://dx.doi.org/10.1007/978-93-86279-30-9
|z Full Text via HEAL-Link
|
| 912 |
|
|
|a ZDB-2-SMA
|
| 950 |
|
|
|a Mathematics and Statistics (Springer-11649)
|